000 00674nam a22002417a 4500
003 UA-OsUOA
001 44419
007 ta
008 20101025b un ||||| |||| 00| 0 ukr d
100 _aЛотоцький І.
090 _a82-94
_bЛ80
942 _cBK
040 _aUA-OsUOA
_bukr
_cUA-OsUOA
_dUA-OsUOA
245 _aКняжа слава
300 _a235 с.
955 _a3
041 _aukr
080 _a82-94
260 _aВінніпег
_c1963
650 7 _a82 Література. Літературознавство
_2UDC
999 _c424483
_d424483